000
00273nam a22001097a 4500
008
160518b xxu||||| |||| 00| 0 eng d
020
_a
9781259060335
041
_a
eng
080
_a
658:004
245
_a
Business driven information systems:
_c
Paige Baltzan;
942
_2
udc
_c
BK
999
_c
2153
_d
2153